| 000 | 00890nam a2200265 a 4500 | ||
|---|---|---|---|
| 001 | 000039583 | ||
| 003 | DO-SdBNP | ||
| 005 | 20171024115412.0 | ||
| 007 | 000039583 | ||
| 008 | 130708s2007 dr ac 000 0 spa d | ||
| 020 | _a9789993462996 | ||
| 040 |
_aBPMET _bspa _cBPMET |
||
| 092 | _axxx | ||
| 100 | 1 | _aFranco, Franklin | |
| 245 | 1 | 0 |
_aHistoria de la UASD y de los estudios superiores / _cFranklin Franco. |
| 260 |
_aSanto Domingo : _bUniversitaria-UASD, _c2007. |
||
| 300 |
_a339 p. : _bil., retrs. ; _c24 cm. |
||
| 490 | 1 |
_aPublicaciones de la Universidad Autónoma de Santo Domingo _v1375 |
|
| 490 | 1 |
_aLiteratura y sociedad _v125 |
|
| 830 | 0 |
_aPublicaciones de la Universidad Autónoma de Santo Domingo _v1375 |
|
| 830 | 0 |
_aLiteratura y sociedad _v125 |
|
| 942 |
_2ddc _cBK |
||
| 945 | _aTítulo remanejado para BNPHU / 2017 VM | ||
| 956 |
_aVMATEO _b10 _c20150908 _lBPMSU _h0069 |
||
| 999 |
_c7360 _d7360 |
||